Name the country- Level 2 - Statistics

General Stats
  • This quiz has been taken 26 times
  • The average score is 15 of 20
Answer Stats
Picture Answer % Correct
Portugal
95%
Egypt
90%
Saudi Arabia
90%
Turkey
90%
Chile
85%
Georgia
85%
Iran
85%
Cyprus
80%
Iraq
80%
Russia
80%
Morocco
75%
South Korea
75%
Uruguay
70%
Panama
65%
Peru
65%
Thailand
65%
Ecuador
60%
Philippines
60%
Zimbabwe
55%
Libya
50%
No matching quizzes found
Score Distribution
Percent of People with Each Score
Percentile by Number Answered
Your Score History
You have not taken this quiz